000 00442cam a2200193 4500
001 D3470
008 090401t1984 xxu||||| |||| 00| 0 eng d
035 _a(Sirsi) u73440
041 _aeng
050 _a333.332
100 _aEnever, Nigel
245 4 _aThe valuation of property investments
250 _a3rd
260 _aLondon
_bEstates Gazette
_c1984
300 _a212p. 22cm
350 _a10
942 _n0
948 _c04/03/1997
999 _c95597
_d95597